00225nam a2200085Ia 4500008004100000245004800041260002200089440000600111521002200117140130s9999 xx 000 0 und d cMyers, Walter Dean aShadow of the red moon bScholastic,c1995 v1 aGrade 3 - Grade 4